Quizzes
Events
Quiz Creation
Community
Videos
Private Events
Remove Ads
Sign In
Join for FREE
Feedback
Dark Mode
Quiz Categories
Sports
Geography
Music
Movies
Television
Just For Fun
Miscellaneous
History
Literature
Language
Science
Gaming
Entertainment
Religion
Holiday
For Kids
Quiz Lab
Recent
Popular Today
Quiz Kudos Today
Editor Picks
Curator Picks
Quizzes by...
Day
Popularity
Type
Ratings
Length
Year
Community
Subscriptions
Recent Discussions
Orange Saloon
Badges
Playlists
Quests
Create
Leaderboards
Showdown
Live 5
Trivia Bingo
Activity
Puzzle Library
Sporcle Events
Private Events
Virtual Trivia
Globe League
Become a Host
Pub Owners
SporcleCon
Opinionation
Our Games
Videos
Blog
Mobile Apps
Partnerships
Remove Ads and Go Orange
Feedback
Sports
Athletes
MLB
NBA
NHL
NFL
Soccer
Sports Teams
WWE
NCAA
Football
Premier League
Basketball
Baseball
Hockey
Golf
Tennis
Cricket
Rugby
Auto Racing
Olympics
World Cup
Sports
Athletes
MLB
NBA
NHL
NFL
Soccer
Sports Teams
WWE
NCAA
Football
Premier League
Basketball
Baseball
Hockey
Golf
Tennis
Cricket
Rugby
Auto Racing
Olympics
World Cup
Random Quiz
Search Sporcle
×
Quiz Lab
Quiz Lab
Sports
Basketball
Type in answers that appear in a list
Type in answers that appear in a list
Classic
Best Score? Go Orange.
NBA Losing Finals Rosters (1990's) Stats
Can you name the players from the losing teams' NBA Finals rosters?
By
ian2813
15m
120 Questions
3,492 Plays
3,492 Plays
3,492 Plays
Comments
Comments
Give Quiz Kudos
Give Quiz Kudos
-
- Ratings
hide this ad
Replay
Link that replays current quiz
Next Quiz
Link to next quiz in quiz playlist
You Got
0%
They Got
Avg Score
49%
Avg Friend Score
Upgrade to see
Score Distribution
Jump to the score distribution portion of the page
Score
0/120
Timer
15:00
0
Plays Today
Team
Player
% Correct
1997 Utah Jazz
Karl Malone
95.6%
1994 New York Knicks
Patrick Ewing
95.4%
1998 Utah Jazz
Karl Malone
95.3%
1991 Los Angeles Lakers
Magic Johnson
95%
1993 Phoenix Suns
Kevin Johnson
95%
1993 Phoenix Suns
Frank Johnson
94.9%
1996 Seattle Supersonics
Ervin Johnson
94.6%
1999 New York Knicks
Patrick Ewing
94.5%
1999 New York Knicks
Larry Johnson
94.4%
1997 Utah Jazz
John Stockton
94.1%
1998 Utah Jazz
John Stockton
94%
1995 Orlando Magic
Shaquille O'Neal
92.8%
1990 Portland Trail Blazers
Clyde Drexler
92.6%
1992 Portland Trail Blazers
Clyde Drexler
92.2%
1996 Seattle Supersonics
Shawn Kemp
88.8%
1996 Seattle Supersonics
Gary Payton
88.8%
1995 Orlando Magic
Anfernee Hardaway
87.5%
1993 Phoenix Suns
Charles Barkley
87.2%
1994 New York Knicks
John Starks
82.4%
1991 Los Angeles Lakers
James Worthy
81.5%
1998 Utah Jazz
Jeff Hornacek
76.5%
1997 Utah Jazz
Jeff Hornacek
76%
1998 Utah Jazz
Shandon Anderson
76%
1997 Utah Jazz
Shandon Anderson
75.9%
1995 Orlando Magic
Nick Anderson
75.8%
1991 Los Angeles Lakers
Byron Scott
75.2%
1995 Orlando Magic
Dennis Scott
74.8%
1994 New York Knicks
Charles Oakley
73.4%
1999 New York Knicks
Allan Houston
73.2%
1990 Portland Trail Blazers
Terry Porter
71.3%
1994 New York Knicks
Charles Smith
71%
1992 Portland Trail Blazers
Terry Porter
70.7%
1991 Los Angeles Lakers
Tony Smith
70.5%
1994 New York Knicks
Herb Williams
70%
1992 Portland Trail Blazers
Buck Williams
69.9%
1990 Portland Trail Blazers
Buck Williams
69.8%
1999 New York Knicks
Herb Williams
69%
1999 New York Knicks
Latrell Sprewell
68.4%
1996 Seattle Supersonics
Detlef Schrempf
67.9%
1997 Utah Jazz
Greg Ostertag
67.6%
Team
Player
% Correct
1997 Utah Jazz
Bryon Russell
67.1%
1998 Utah Jazz
Bryon Russell
66.9%
1998 Utah Jazz
Greg Ostertag
66.7%
1995 Orlando Magic
Horace Grant
64.8%
1993 Phoenix Suns
Dan Majerle
63%
1991 Los Angeles Lakers
Vlade Divac
60.5%
1992 Portland Trail Blazers
Clifford Robinson
59.3%
1990 Portland Trail Blazers
Clifford Robinson
59.1%
1991 Los Angeles Lakers
A.C. Green
57%
1999 New York Knicks
Marcus Camby
52.7%
1994 New York Knicks
Anthony Mason
52.3%
1990 Portland Trail Blazers
Kevin Duckworth
52%
1992 Portland Trail Blazers
Kevin Duckworth
51.6%
1996 Seattle Supersonics
Sam Perkins
50.7%
1994 New York Knicks
Hubert Davis
50.5%
1999 New York Knicks
Charlie Ward
50.5%
1991 Los Angeles Lakers
Sam Perkins
50.3%
1992 Portland Trail Blazers
Jerome Kersey
49.6%
1990 Portland Trail Blazers
Jerome Kersey
49.4%
1993 Phoenix Suns
Danny Ainge
49.3%
1992 Portland Trail Blazers
Danny Ainge
49.2%
1994 New York Knicks
Derek Harper
48.7%
1996 Seattle Supersonics
Hersey Hawkins
46.5%
1991 Los Angeles Lakers
Irving Thomas
46.2%
1993 Phoenix Suns
Oliver Miller
46%
1999 New York Knicks
Kurt Thomas
45.8%
1993 Phoenix Suns
Tom Chambers
42.7%
1994 New York Knicks
Greg Anthony
42.1%
1992 Portland Trail Blazers
Wayne Cooper
40.3%
1990 Portland Trail Blazers
Wayne Cooper
40.1%
1991 Los Angeles Lakers
Mychal Thompson
39.2%
1991 Los Angeles Lakers
Elden Campbell
39%
1995 Orlando Magic
Brooks Thompson
38.9%
1993 Phoenix Suns
Cedric Ceballos
36.5%
1996 Seattle Supersonics
Nate McMillan
36.1%
1998 Utah Jazz
Antoine Carr
36%
1997 Utah Jazz
Antoine Carr
35.5%
1993 Phoenix Suns
Mark West
35.5%
1998 Utah Jazz
Howard Eisley
34%
1997 Utah Jazz
Howard Eisley
33.4%
Team
Player
% Correct
1999 New York Knicks
Chris Childs
32.5%
1999 New York Knicks
Chris Dudley
31.6%
1998 Utah Jazz
Greg Foster
29.6%
1997 Utah Jazz
Greg Foster
29.4%
1993 Phoenix Suns
Richard Dumas
28.2%
1998 Utah Jazz
Adam Keefe
27.9%
1997 Utah Jazz
Adam Keefe
27.7%
1995 Orlando Magic
Brian Shaw
23.7%
1998 Utah Jazz
Chris Morris
23%
1990 Portland Trail Blazers
Drazen Petrovic
23%
1997 Utah Jazz
Chris Morris
22.9%
1992 Portland Trail Blazers
Mark Bryant
22.1%
1990 Portland Trail Blazers
Mark Bryant
21.4%
1990 Portland Trail Blazers
Danny Young
20.7%
1996 Seattle Supersonics
Frank Brickowski
19.5%
1994 New York Knicks
Rolando Blackman
19.1%
1996 Seattle Supersonics
David Wingate
18.5%
1995 Orlando Magic
Donald Royal
18.2%
1995 Orlando Magic
Anthony Bowie
18.2%
1999 New York Knicks
David Wingate
17.5%
1997 Utah Jazz
Stephen Howard
17.4%
1995 Orlando Magic
Tree Rollins
17%
1998 Utah Jazz
Jacque Vaughn
16.8%
1992 Portland Trail Blazers
Alaa Abdelnaby
16.7%
1996 Seattle Supersonics
Eric Snow
15.7%
1995 Orlando Magic
Jeff Turner
15.4%
1996 Seattle Supersonics
Vincent Askew
15%
1994 New York Knicks
Anthony Bonner
14.5%
1993 Phoenix Suns
Negele Knight
14.2%
1999 New York Knicks
Rick Brunson
12.3%
1991 Los Angeles Lakers
Terry Teagle
11%
1995 Orlando Magic
Anthony Avent
10%
1996 Seattle Supersonics
Steve Scheffler
9.8%
1991 Los Angeles Lakers
Larry Drew
9%
1992 Portland Trail Blazers
Robert Pack
8.9%
1993 Phoenix Suns
Jerrod Mustaf
8.2%
1994 New York Knicks
Corey Gaines
5.9%
1990 Portland Trail Blazers
Byron Irvin
5%
1992 Portland Trail Blazers
Ennis Whatley
4.9%
1990 Portland Trail Blazers
Nate Johnston
4.3%
Quiz Playlist
Details
Report
Send in Message
Add To Playlist
Classic:
Type in answers that appear in a list
Quiz Source
Last Updated: Feb 16, 2017
Quiz Scoreboard
CHALLENGE
Sign Up to Join the Scoreboard
Show All
Scores
Hide
Comments
May contain spoilers
Recently Published
Street Fighter Characters
by Artimus82
Gaming
60s
9x9 Crossword: Cartoon Network
by jackfrog10
Miscellaneous
3m
College Basketball Coaching Resumes
by pancakes188
Sports
9m
More to Explore
Quiz From the Vault
Featured Blog Post
Where Did the Easter Bunny Come From?
hide this ad
You Might Also Like...
Tags
Basketball Quiz
NBA Quiz
Losing Teams
Roster
Today's Top Quizzes in Sports
Browse Sports
hide this ad
Today's Top Quizzes in Basketball
Browse Basketball
Top Contributed Quizzes in Sports
1
2022 World Cup Stars
2
Les meilleurs buteurs des matchs entre le PSG et l’OM
3
FIFA Club World Cup Champions
4
Les entraîneurs de l'OM et du PSG au 21e siècle
5
Criteria MLB: Left Handed Sluggers
6
2023 MLB Unique Player Accomplishments
7
AFC Teams Reveal (Wrong Answers Minefield)
8
Players with Multiple 50 Home Run Seasons
9
5-to-1: FBS Animal Nicknames
10
5-to-1: UK Sports Teams
Explore More
Trending Topics
Marvel
Crossword
Kpop
Anime
Harry Potter
NBA
Disney
Soccer
NFL
Song
The Office
WWE
Pokémon
Puzzle
Country
hide this ad
More By:
ian2813
Quiz
Plays
Rating
Category
Featured
Created
MLB All-Star Shortstops (AL)
78,917
4.57
Sports
Jan 30, 2010
MLB All-Star First Basemen (NL)
76,245
4.56
Sports
Apr 10, 2010
MLB All-Star Shortstops (NL)
69,274
4.44
Sports
Jan 31, 2010
MLB All-Star Third Baseman (AL)
64,839
4.43
Sports
Jan 6, 2010
MLB All-Star First Basemen (AL)
63,406
4.61
Sports
Apr 10, 2010
Go to Creator's Profile
Score Distribution
Quiz Creator Spotlight
ian2813
Follow
Send a Message
Quizzes Created
-
Created Quiz Play Count
-
More By This Creator
Popular Quizzes Today
1
Find the US States - No Outlines Minefield
2
Find the Countries of Europe - No Outlines Minefield
3
The Countries of the World
4
Find the US States
5
Risky Map Clicking: Biggest States A-Z
6
US States
7
Popular People in 1961
8
Movies - When Are They Set?
More Sports Quizzes
Bayer Leverkusen's Number 9's
Quiz Lab
Trending Quizzes
Risky Map Clicking: Least Populous States A-Z
1-10 Letter G Words
Risky Map Clicking: Next State Alphabetically
Adjectives in 80s TV Shows
The Seven Year Switch: Catherine
Recently Updated
Leaping Animals
pecheneg
Reality TV Shows (A-Z)
bhenderson79
Rickey Henderson's Hall of Fame Teammates
pecheneg
Champions League XIs: Arsenal
pecheneg
Quick Pick: Celebrities in WWE's Hall of Fame
aduchscher
A-Z Keypad Blitz II
pecheneg
Multiple Oscar Actors
pecheneg
Mystery Phrase Blitz: Oscar 'Best Actors'
pecheneg
F. Scott Fitzgerald Novels
LTH
Pick 3 Villains
ddd62291
Trending Topics
Kpop
Anime
Crossword
NBA
Marvel
Harry Potter
Disney
WWE
The Office
NFL
Song
Soccer
Puzzle
Country
Pokémon
Your Account Isn't Verified!
In order to create a playlist on Sporcle, you need to verify the email address you used during registration. Go to your
Sporcle Settings
to finish the process.
Report this User
Report this user for behavior that violates our
Community Guidelines
.
Details:
Send Report
Go to the Sporcle.com Mobile Site →
Comments